Tekst piosenki "Jingle Bells" - Statystyki

Ogólne statystyki
  • Ten quiz został rozwiązany 31 razy
  • Średni wynik to 6 z 12
Statystyki odpowiedzi
Tekst % Poprawnych
Jingle {bells}, jingle {bells},
87%
Jingle {all} the way.
70%
{Oh}! What fun it is to ride
70%
Dashing {through} the snow
67%
In a one-horse open {sleigh}
57%
In a one-horse open {sleigh}!
57%
A sleighing song {tonight}.
43%
What {fun} it is to ride and sing
43%
Bells on bob-tail {ring}
37%
{Laughing} all the way.
30%
Making {spirits} bright
30%
All the {fields} we go
10%
Nie znaleziono quizów pasujących do podanych kryteriów
Rozkład punktacji
Procent ludzi z każdym wynikiem
Percentyl według liczby udzielonych odpowiedzi
Twoja historia wyników
Nie rozwiązałeś tego quizu